Indice de los expedientes y papeles de la Sección de Indiferente del Archivo Central de Marina / (Record no. 16432)

MARC details
000 -LEADER
campo de control de longitud fija 00765nam a2200217 i 4500
001 - NÚMERO DE CONTROL
campo de control 16432
003 - IDENTIFICADOR DE NÚMERO DE CONTROL
campo de control ES-MaACL
005 - FECHA Y HORA DE LA ÚLTIMA TRANSACCIÓN
campo de control 20250910063054.0
007 - CAMPO FIJO DE DESCRIPCIÓN FÍSICA--INFORMACIÓN GENERAL
campo de control de longitud fija t|
008 - DATOS DE LONGITUD FIJA--INFORMACIÓN GENERAL
campo de control de longitud fija 000920s1951 sp ||||1| spa d
080 ## - NÚMERO DE LA CLASIFICACIÓN DECIMAL UNIVERSAL
Número de la Clasificación Decimal Universal 930.255(460.27 M.)Marina
100 1# - ENTRADA PRINCIPAL--NOMBRE DE PERSONA
Nombre de persona Guillén Tato, Julio F.,
Fechas asociadas al nombre 1897-1972
9 (RLIN) 60793
245 10 - MENCIÓN DEL TÍTULO
Título Indice de los expedientes y papeles de la Sección de Indiferente del Archivo Central de Marina /
Mención de responsabilidad, etc. Julio F. Guillén.
260 ## - PUBLICACIÓN, DISTRIBUCIÓN, ETC.
Lugar de publicación, distribución, etc. Madrid :
Nombre del editor, distribuidor, etc. Instituto Histórico de Marina,
Fecha de publicación, distribución, etc. 1951.
300 ## - DESCRIPCIÓN FÍSICA
Extensión 291 p. ;
Dimensiones 34 cm.
505 8# - NOTA DE CONTENIDO CON FORMATO
Nota de contenido con formato I. 1730-1794
610 27 - PUNTO DE ACCESO ADICIONAL DE MATERIA--NOMBRE DE ENTIDAD CORPORATIVA
Nombre de entidad corporativa o nombre de jurisdicción como elemento de entrada Archivo Central de Marina-
Subdivisión de forma Catálogos.
9 (RLIN) 1422
710 2# - ENTRADA AGREGADA--NOMBRE DE ENTIDAD CORPORATIVA
Nombre de entidad corporativa o nombre de jurisdicción como elemento de entrada Instituto Histórico de Marina (Madrid)
9 (RLIN) 151343
852 ## - LOCALIZACIÓN
Ubicación ES-MaACL
Número de control de estantería G-2180
Sublocalización o colección R.90087
Holdings
Estatus retirado Estado de pérdida Estado de daño No para préstamo Biblioteca de origen Biblioteca actual Ubicación en estantería Fecha de adquisición Fuente de adquisición Total de préstamos Signatura topográfica completa Código de barras Visto por última vez Precio de reemplazo Tipo de ítem Koha
        Biblioteca del Ateneo de Madrid Biblioteca del Ateneo de Madrid Depósito 2 17/01/2008     G-2180 1016694 23/02/2023 23/02/2023 Libro impreso